<?xml version="1.0" encoding="UTF-8"?>
<record
    xmlns:xsi="http://www.w3.org/2001/XMLSchema-instance"
    xsi:schemaLocation="http://www.loc.gov/MARC21/slim http://www.loc.gov/standards/marcxml/schema/MARC21slim.xsd"
    xmlns="http://www.loc.gov/MARC21/slim">

  <leader>01451nam2a2200265   4500</leader>
  <controlfield tag="001">RU\NLR\BIBL_A\012467176</controlfield>
  <controlfield tag="005">20250624042451.0</controlfield>
  <datafield tag="010" ind1=" " ind2=" ">
    <subfield code="a">978-5-89877-279-6</subfield>
    <subfield code="9">250</subfield>
  </datafield>
  <datafield tag="035" ind1=" " ind2=" ">
    <subfield code="a">(NLR Aleph) 012467176</subfield>
  </datafield>
  <datafield tag="090" ind1=" " ind2=" ">
    <subfield code="a">12057089</subfield>
    <subfield code="c">12057089</subfield>
  </datafield>
  <datafield tag="100" ind1=" " ind2=" ">
    <subfield code="a">20210304d2020    |||y0rusy50      ca</subfield>
  </datafield>
  <datafield tag="101" ind1="0" ind2=" ">
    <subfield code="a">rus</subfield>
  </datafield>
  <datafield tag="102" ind1=" " ind2=" ">
    <subfield code="a">RU</subfield>
  </datafield>
  <datafield tag="105" ind1=" " ind2=" ">
    <subfield code="a">ac  z   000yy</subfield>
  </datafield>
  <datafield tag="200" ind1="1" ind2=" ">
    <subfield code="a">&#x421;&#x431;&#x43E;&#x440;&#x43D;&#x438;&#x43A; &#x441;&#x442;&#x430;&#x442;&#x435;&#x439; VII &#x412;&#x441;&#x435;&#x440;&#x43E;&#x441;&#x441;&#x438;&#x439;&#x441;&#x43A;&#x43E;&#x439; &#x43D;&#x430;&#x443;&#x447;&#x43D;&#x43E;-&#x43F;&#x440;&#x430;&#x43A;&#x442;&#x438;&#x447;&#x435;&#x441;&#x43A;&#x43E;&#x439; &#x43A;&#x43E;&#x43D;&#x444;&#x435;&#x440;&#x435;&#x43D;&#x446;&#x438;&#x438; "&#x414;&#x435;&#x434;&#x438;&#x43D;&#x43E;&#x432;&#x43E; - &#x43A;&#x43E;&#x43B;&#x44B;&#x431;&#x435;&#x43B;&#x44C; &#x43E;&#x442;&#x435;&#x447;&#x435;&#x441;&#x442;&#x432;&#x435;&#x43D;&#x43D;&#x43E;&#x433;&#x43E; &#x444;&#x43B;&#x43E;&#x442;&#x430;" (&#x441;. &#x414;&#x435;&#x434;&#x438;&#x43D;&#x43E;&#x432;&#x43E;, 16 &#x43C;&#x430;&#x44F; 2019 &#x433;.)</subfield>
  </datafield>
  <datafield tag="210" ind1=" " ind2=" ">
    <subfield code="d">2020</subfield>
    <subfield code="a">&#x411;. &#x43C;.</subfield>
  </datafield>
  <datafield tag="215" ind1=" " ind2=" ">
    <subfield code="a">184</subfield>
    <subfield code="c">&#x438;&#x43B;., &#x43F;&#x43E;&#x440;&#x442;&#x440;.</subfield>
    <subfield code="d">20</subfield>
  </datafield>
  <datafield tag="320" ind1=" " ind2=" ">
    <subfield code="a">&#x411;&#x438;&#x431;&#x43B;&#x438;&#x43E;&#x433;&#x440;. &#x432; &#x43F;&#x43E;&#x434;&#x441;&#x442;&#x440;&#x43E;&#x447;. &#x43F;&#x440;&#x438;&#x43C;&#x435;&#x447;.</subfield>
  </datafield>
  <datafield tag="461" ind1=" " ind2="0">
    <subfield code="1">001RU\NLR\BIBL_A\012411348</subfield>
    <subfield code="1">2001#$a&#x414;&#x435;&#x434;&#x438;&#x43D;&#x43E;&#x432;&#x441;&#x43A;&#x438;&#x439; &#x441;&#x431;&#x43E;&#x440;&#x43D;&#x438;&#x43A;$f&#x413;&#x41E;&#x423; &#x412;&#x41E; &#x41C;&#x41E; "&#x413;&#x43E;&#x441;. &#x441;&#x43E;&#x446;.-&#x433;&#x443;&#x43C;&#x430;&#x43D;&#x438;&#x442;. &#x443;&#x43D;-&#x442;"$v&#x412;&#x44B;&#x43F;. 3</subfield>
    <subfield code="9">11777542</subfield>
    <subfield code="c">&#x420;&#x44F;&#x437;&#x430;&#x43D;&#x44C;</subfield>
    <subfield code="d">2020 -</subfield>
    <subfield code="f">&#x413;&#x41E;&#x423; &#x412;&#x41E; &#x41C;&#x41E; "&#x413;&#x43E;&#x441;. &#x441;&#x43E;&#x446;.-&#x433;&#x443;&#x43C;&#x430;&#x43D;&#x438;&#x442;. &#x443;&#x43D;-&#x442;"</subfield>
    <subfield code="n">&#x420;&#x443;&#x441;&#x441;&#x43A;&#x43E;&#x435; &#x441;&#x43B;&#x43E;&#x432;&#x43E;</subfield>
    <subfield code="t">&#x414;&#x435;&#x434;&#x438;&#x43D;&#x43E;&#x432;&#x441;&#x43A;&#x438;&#x439; &#x441;&#x431;&#x43E;&#x440;&#x43D;&#x438;&#x43A;</subfield>
    <subfield code="v">&#x412;&#x44B;&#x43F;. 3</subfield>
  </datafield>
  <datafield tag="710" ind1="1" ind2="2">
    <subfield code="a">"&#x414;&#x435;&#x434;&#x438;&#x43D;&#x43E;&#x432;&#x43E; - &#x43A;&#x43E;&#x43B;&#x44B;&#x431;&#x435;&#x43B;&#x44C; &#x43E;&#x442;&#x435;&#x447;&#x435;&#x441;&#x442;&#x432;&#x435;&#x43D;&#x43D;&#x43E;&#x433;&#x43E; &#x444;&#x43B;&#x43E;&#x442;&#x430;", &#x432;&#x441;&#x435;&#x440;&#x43E;&#x441;&#x441;&#x438;&#x439;&#x441;&#x43A;&#x430;&#x44F; &#x43D;&#x430;&#x443;&#x447;&#x43D;&#x43E;-&#x43F;&#x440;&#x430;&#x43A;&#x442;&#x438;&#x447;&#x435;&#x441;&#x43A;&#x430;&#x44F; &#x43A;&#x43E;&#x43D;&#x444;&#x435;&#x440;&#x435;&#x43D;&#x446;&#x438;&#x44F;</subfield>
    <subfield code="d">7</subfield>
    <subfield code="e">&#x441;. &#x414;&#x435;&#x434;&#x438;&#x43D;&#x43E;&#x432;&#x43E;, &#x41C;&#x43E;&#x441;&#x43A;&#x43E;&#x432;&#x441;&#x43A;&#x430;&#x44F; &#x43E;&#x431;&#x43B;.</subfield>
    <subfield code="f">2019</subfield>
    <subfield code="9">738642</subfield>
    <subfield code="3">RU\NLR\AUTH\880537658</subfield>
  </datafield>
  <datafield tag="852" ind1=" " ind2=" ">
    <subfield code="a">NLR</subfield>
    <subfield code="j">&#x41F;22/10125</subfield>
  </datafield>
  <datafield tag="942" ind1=" " ind2=" ">
    <subfield code="c">ISSUE</subfield>
  </datafield>
  <datafield tag="980" ind1=" " ind2=" ">
    <subfield code="a">NB</subfield>
  </datafield>
  <datafield tag="980" ind1=" " ind2=" ">
    <subfield code="a">RUSPER</subfield>
  </datafield>
</record>
